01258nam a2200325Ia 4500001001200000003000800012006001900020007001500039008004100054020001500095020001500110040002100125035002100146050002300167100001900190245008100209260004400290300001600334490005900350504005100409533015200460650004000612650001500652650001600667655002900683710001700712830006000729856012600789999001700915ebr10058020CaPaEBRm u cr cn|||||||||970411s1997 enk sb 001 0 eng d z0203203062 z0415152062 aCaPaEBRcCaPaEBR a(OCoLC)64737613114aJF1081b.G4 1997eb1 aGirling, John.10aCorruption, capitalism and democracyh[electronic resource] /cJohn Girling. aLondon ;aNew York :bRoutledge,c1997. axiv, 181 p.1 aRoutledge studies in social and political thought ;v4 aIncludes bibliographical references and index. aElectronic reproduction.bPalo Alto, Calif. :cebrary,d2009.nAvailable via World Wide Web.nAccess may be limited to ebrary affiliated libraries. 0aPolitical corruptionvCase studies. 0aDemocracy. 0aCapitalism. 7aElectronic books.2local2 aebrary, Inc. 0aRoutledge studies in social and political thought ;v4.40uhttp://site.ebrary.com/lib/rucke/Doc?id=10058020zAn electronic book accessible through the World Wide Web; click to view c68025d68025